| 000 | 01207cam a2200229 4500 | ||
|---|---|---|---|
| 001 | WB@3612-824 | ||
| 008 | 040909n2004 000 0 eng u | ||
| 035 | _a(Sirsi) u127300 | ||
| 245 | _aGreen farming | ||
| 260 | _c2004 | ||
| 490 |
_aScottish Executive News Release _v6 September 2004 (1) |
||
| 520 | _aAccording to an independent study into public attitudes towards agriculture, the public gives full backing to changes in agricultural policy that encourage farmers to take better care of the environment. The Scottish taxpayer takes a very positive view of the role agriculture plays in the countryside and supports the new system of subsidy payment which backs environment and rural development. The public showed most support for policies relating to the promotion of locally grown food, enhanced quality of lochs, rivers and wetlands, enhancing wildlife habitats and maintaining farming communities. http://www.scotland.gov.uk/News/Releases/2004/09/0 6095042 | ||
| 590 | _aWB | ||
| 590 | _aWB | ||
| 650 | _aGREEN FARMING | ||
| 650 | _aSCOTLAND | ||
| 650 | _aFARMING | ||
| 650 | _aLAND MANAGEMENT | ||
| 650 | _aGOVERNMENT POLICY | ||
| 690 | _aRURAL-NATURE CONSERVATION | ||
| 942 | _n0 | ||
| 999 |
_c117979 _d117979 |
||